Bekannte Persönlichkeiten aus Berlin - Statistiken

Allgemein
  • Dieses Quiz wurde 166 mal gespielt
  • Das Durchschnittsergebnis liegt bei 9 aus 20
Antwortstatistiken
Geburtsjahr Geburtsort Hinweis Person % Korrekt
1980 Ost-Berlin Rapper, früher stets mit Totenkopfmaske aufgetreten Sido
73%
1955 Friedrichshain Musikerin und Schauspielerin, deutsche "Godmother of Punk" Nina Hagen
71%
1972 Mariendorf Komiker, stellte 2008 mit einem Auftritt vor ~70.000 Zuschauer einen Weltrekord auf Mario Barth
69%
1901 Schöneberg Schauspielerin und Sängerin ("Der blaue Engel"), später in die USA ausgewandert Marlene Dietrich
65%
1942 Wilmersdorf Liedermacher ("Über den Wolken", "Annabelle, ach Annabelle") Reinhard Mey
64%
1910 Wilmersdorf Erfinder, baute den ersten funktionsfähigen Computer der Welt Konrad Zuse
60%
1963 West-Berlin Leadsänger der Ärzte Farin Urlaub
56%
1955 Lankwitz Sängerin ("Er gehört zu mir", "Marleen") Marianne Rosenberg
56%
1938 Berlin Schauspieler, Tatortkommissar Horst Schimanski Götz George
55%
1883 Berlin Architekt, Gründer des Bauhauses Walter Gropius
50%
1769 Berlin Forschungsreisender und Universalgelehrter, Autor von "Kosmos" und "Ansichten der Natur" Alexander von Humboldt
49%
1978 Ost-Berlin Schwimmerin, mehrfache Welt- und Europameisterin Franziska van Almsick
49%
1974 Wedding Komikerin und Schauspielerin, dank "Knallerfrauen" auch in China bekannt Martina Hill
44%
1972 Ost-Berlin Eisschnellläuferin, erfolgreichste deutsche Olympionikin bei Winterspielen Claudia Pechstein
41%
1952 Kaulsdorf Fersehmoderator in der DDR und später BRD ("Ein Kessel Buntes", "Wetten dass..?") Wolfgang Lippert
32%
1954 / 1973 Ost-Berlin Mutter und Tochter, Schauspielerinnen und Hörspielsprecherinnen (zusammen u.a. in der Kömodie "Wir sind die Rosinskis" zu sehen) {Katharina} & {Anna Thalbach}
31%
1929 Charlottenburg Schauspieler, Sänger, Entertainer, u.a. "Hauptmann von Köpenick" (1997) Harald Juhnke
29%
1913 Kreuzberg Schauspieler, Sänger und Entertainer, erfand und moderierte mehrere TV-Shows (z.B. "Vergißmeinnicht") Peter Frankenfeld
22%
1891 Schöneberg Schriftstellerin und Lyrikerin, wurde 1966 mit dem Literaturnobelpreis ausgezeichnet Nelly Sachs
10%
1872 Berlin Sozialreformerin, Wegbereiterin Sozialer Arbeit (Soziale Diagnostik) Alice Salomon
5%
Keine übereinstimmenden Quizze gefunden
Verteilung der Resultate
Anzahl Personen mit jedem Resultat
Perzentil nach korrekt beantworteten Fragen
Ihre Resultats-Entwicklung
Sie haben dieses Quiz noch nicht gespielt